Technika vysokého vákua /

Salvato in:
Dettagli Bibliografici
Autore principale: Groszkowski, Janusz (Autore)
Altri autori: Pátý, Libor (Traduttore)
Natura: Libro
Lingua:ceco
Pubblicazione: Praha : SNTL, 1981
Edizione:1.vyd.
Tags: Aggiungi Tag
Nessun Tag, puoi essere il primo ad aggiungerne!!

MARC

LEADER 00000nam a22000003a 4500
001 stu36592
005 20150617225727.1
008 920611s1981----cs------------------cze-d
040 |a STU  |b slo 
041 0 |a cze 
044 |a cs 
100 1 |a Groszkowski, Janusz  |4 aut 
245 1 |a Technika vysokého vákua /  |c [aut.]Janusz Groszkowski; Z pol. Libor Pátý 
250 |a 1.vyd. 
260 |a Praha :  |b SNTL,  |c 1981 
300 |a 438 s 
700 1 |a Pátý, Libor  |4 trl 
996 |b M 21759  |c M*6996-1  |l MMKN  |s A  |a 24  |w stu36592_0001